Imperialismo: represión militarización. Historia, luchas, organizaciones /
Gespeichert in:
| Körperschaften: | , |
|---|---|
| Format: | Text |
| Veröffentlicht: |
Madrid:
IEPALA
|
| Tags: |
Tag hinzufügen
Keine Tags, Fügen Sie den ersten Tag hinzu!
|
MARC
| LEADER | 00000 a a2200000 04500 | ||
|---|---|---|---|
| 001 | 22307 | ||
| 003 | |||
| 040 | |a CRAI/IIS |c CRAI/IIS | ||
| 090 | |a 151600 | ||
| 110 | |a Instituto de Estudios Pol(iticos para América Latina y Africa | ||
| 245 | |a Imperialismo: represión militarización. Historia, luchas, organizaciones / |c Instituto de Estudios Pol(iticos para América Latina y Africa | ||
| 260 | |a Madrid: |b IEPALA | ||
| 300 | |a 139 p. | ||
| 710 | |a IEPALA | ||
| 999 | |c 17683 |d 17683 | ||
